[Event "Challenge"]
[Site "http://www.queenalice.com/game.php?id=49413"]
[Date "2006.1.26"]
[Round "-"]
[White "kellywatchthestars"]
[Black "KingLouie"]
[Result "1-0"]
[WhiteElo "1982"]
[BlackElo "1919"]

1. d4 Nf6 2. Nf3 e6 3. c4 d5 4. Nc3 Be7 5. Bg5 h6 6. Bh4 O-O 7. e3 b6 8. Bd3 Bb7
9. O-O Nbd7 10. Qe2 c5 11. Rfd1 Ne4 12. Bxe7 Qxe7 13. Rac1 Rfd8 14. cxd5 exd5
15. a4 Rac8 16. a5 bxa5 17. Ra1 cxd4 18. Nxd4 Nxc3 19. bxc3 Rc5 20. Qd2 Qf6 21.
Bf1 Ne5 22. h3 Ba6 23. Bxa6 Qxa6 24. Qc2 Rb8 25. Nb3 Rcb5 26. Nd4 Rb2 27. Qf5
Re8 28. Nf3 g6 29. Qf4 Nxf3+ 30. Qxf3 Re5 31. Ra4 Qb5 32. Rad4 Rf5 33. Rxd5 1-0

[Event "Challenge"]
[Site "http://www.queenalice.com/game.php?id=49618"]
[Date "2006.1.27"]
[Round "-"]
[White "Pepato"]
[Black "kellywatchthestars"]
[Result "0-1"]
[WhiteElo "2113"]
[BlackElo "2004"]

1. d4 c6 2. c4 d5 3. Nf3 Nf6 4. Nc3 e6 5. e3 Nbd7 6. Qc2 Bd6 7. Bd3 O-O 8. O-O
dxc4 9. Bxc4 a6 10. Rd1 b5 11. Bd3 Bb7 12. Ng5 Bxh2+ 13. Kxh2 Ng4+ 14. Kg1 Qxg5
15. Bxh7+ Kh8 16. Be4 Qh4 17. Bf3 Qh2+ 18. Kf1 f5 19. Ke2 b4 20. Bd2 a5 21. Bxc6
Bxc6 22. Rh1 Bxg2 23. Rxh2+ Nxh2 24. Na4 Rac8 25. Qd3 Ne5 26. dxe5 Rfd8 27. Qb3
Bf3+ 28. Ke1 Bd5 0-1

[Event "Challenge"]
[Site "http://www.queenalice.com/game.php?id=59952"]
[Date "2006.3.28"]
[Round "-"]
[White "Alsina"]
[Black "kellywatchthestars"]
[Result "1/2-1/2"]
[WhiteElo "2354"]
[BlackElo "2033"]

1. c4 c6 2. d4 d5 3. Nf3 Nf6 4. Nc3 e6 5. e3 Nbd7 6. Bd3 dxc4 7. Bxc4 b5 8. Bd3
Bb7 9. O-O a6 10. e4 c5 11. d5 Qc7 12. dxe6 fxe6 13. Bc2 Bd6 14. Ng5 Nf8 15. f4
h6 16. e5 O-O-O 17. exd6 Rxd6 18. Qe2 hxg5 19. a4 b4 20. Ne4 Nxe4 21. Bxe4 Rd4
22. Bxb7+ Kxb7 23. g3 gxf4 24. Bxf4 Qd7 25. Rad1 Rd5 26. Be3 Qd6 27. Rf7+ Nd7
28. Rxd5 Qxd5 29. Rxg7 c4 30. h4 Kc6 31. b3 Qd3 32. Qxd3 cxd3 33. Kf2 Ne5 34.
Rg5 Rf8+ 35. Bf4 Nd7 36. Ke1 Nc5 37. Re5 Nxb3 38. Rxe6+ Kd5 39. Rxa6 Re8+ 40.
Kd1 Re2 41. Rd6+ Kc4 42. Rc6+ Kd5 43. Rd6+ Kc4 44. Rc6+ 1/2-1/2

[Event "Let's Play Chess!"]
[Site "http://www.queenalice.com/game.php?id=63584"]
[Date "2006.4.16"]
[Round "-"]
[White "BogusBogart"]
[Black "kellywatchthestars"]
[Result "0-1"]
[WhiteElo "2054"]
[BlackElo "1945"]

1. e4 c6 2. d4 d5 3. Nc3 dxe4 4. Nxe4 Nd7 5. Bc4 Ngf6 6. Ng5 e6 7. Qe2 Nb6 8.
Bd3 h6 9. N5f3 c5 10. dxc5 Bxc5 11. Ne5 Nbd7 12. Ngf3 Nxe5 13. Nxe5 O-O 14. O-O
b6 15. Qf3 Qd5 16. Qxd5 exd5 17. h3 Re8 18. Nf3 d4 19. Bf4 Bb7 20. Nd2 Nd5 21.
Bg3 Nb4 22. Bb5 Nxc2 23. Bxe8 Rxe8 24. Rac1 d3 25. Nb3 Be7 26. Rcd1 Be4 27. Bf4
Bf6 28. Nc1 Rd8 29. f3 Bh7 30. b3 Bd4+ 31. Kh1 Be3 0-1

[Event "welcome"]
[Site "http://www.queenalice.com/game.php?id=104983"]
[Date "2006.9.12"]
[Round "-"]
[White "kellywatchthestars"]
[Black "vlad"]
[Result "1/2-1/2"]
[WhiteElo "2081"]
[BlackElo "2506"]

1. d4 d5 2. Nf3 Nf6 3. c4 c6 4. Nc3 e6 5. Bg5 h6 6. Bh4 dxc4 7. e4 g5 8. Bg3 b5
9. Be2 Bb7 10. O-O Nbd7 11. Ne5 Bg7 12. Nxd7 Nxd7 13. Bd6 a6 14. Bh5 Bf8 15.
Bxf8 Kxf8 16. f4 g4 17. e5 f5 18. Bxg4 Nb6 19. Bf3 Rg8 20. a4 Qd7 21. a5 Nd5 22.
Nxd5 cxd5 23. b4 Qe7 24. Qe1 Rc8 25. Be2 Ke8 26. Rf3 Kd7 27. Rh3 Kc7 28. Rc1 Kb8
29. Qc3 Rg7 30. Rc2 Rcg8 31. Bf3 Rg6 32. Bh5 R6g7 33. Bf3 1/2-1/2

[Event "Challenge"]
[Site "http://www.queenalice.com/game.php?id=106937"]
[Date "2006.9.17"]
[Round "-"]
[White "kellywatchthestars"]
[Black "Alsina"]
[Result "1-0"]
[WhiteElo "2051"]
[BlackElo "2393"]

1. d4 Nf6 2. Nf3 e6 3. c4 d5 4. Nc3 Be7 5. Bg5 O-O 6. e3 h6 7. Bh4 b6 8. Rc1 Bb7
9. Bxf6 Bxf6 10. cxd5 exd5 11. b4 c6 12. Bd3 Nd7 13. O-O a5 14. b5 c5 15. Bf5
cxd4 16. Nxd4 Nc5 17. Qc2 Qd6 18. Rfd1 Rfd8 19. g3 Be5 20. Bh3 Bxd4 21. Rxd4 Ne6
22. Rd3 Rac8 23. Rcd1 Qe5 24. Qd2 Qg5 25. Bg2 Kh8 26. Na4 Rb8 27. e4 d4 28. Qxg5
hxg5 29. Nxb6 Bxe4 30. Bxe4 Rxb6 31. a4 g4 32. Bf5 Rbd6 33. Rc1 Rd5 34. Bxe6
fxe6 35. Rc7 R5d7 36. Rxd7 Rxd7 37. f4 Kh7 38. Kf2 Kg6 39. b6 Kf5 40. Ke2 Ke4
41. Kd2 Rb7 42. Rb3 d3 43. Kc3 Rd7 44. Rb1 Ke3 45. Re1+ Kf3 46. Kd2 Kg2 47. Rb1
Rd8 48. Rb3 Kxh2 49. Rxd3 Rb8 50. Rb3 Rb7 51. Ke2 Kg2 52. Ke1 Kg1 53. Rb2 g6 54.
Ke2 Kg2 55. Rb3 g5 56. fxg5 1-0

[Event "Let's Play Chess!"]
[Site "http://www.queenalice.com/game.php?id=195311"]
[Date "2007.4.11"]
[Round "-"]
[White "NaSEscobar"]
[Black "kellywatchthestars"]
[Result "0-1"]
[WhiteElo "1198"]
[BlackElo "2047"]

1. e4 c5 2. c3 Nf6 3. f3 e5 4. d4 cxd4 5. Bd3 Nc6 6. Ne2 d5 7. O-O dxe4 8. fxe4
dxc3 9. bxc3 Bc5+ 10. Kh1 Ng4 11. Rg1 Nf2# 0-1

[Event "Challenge"]
[Site "http://www.queenalice.com/game.php?id=195642"]
[Date "2007.4.12"]
[Round "-"]
[White "fredofm"]
[Black "kellywatchthestars"]
[Result "0-1"]
[WhiteElo "1362"]
[BlackElo "2047"]

1. e4 c6 2. Nc3 d5 3. e5 Bf5 4. Nf3 e6 5. d4 c5 6. Bb5+ Nc6 7. Bxc6+ bxc6 8. Bg5
Qb8 9. O-O Qxb2 10. Qd2 Qxc2 11. Qxc2 Bxc2 12. Rac1 Bd3 13. Na4 Bxf1 14. Kxf1 c4
15. Nc5 Rb8 16. Na6 Rb6 17. Nc7+ Kd7 18. Nxd5 cxd5 19. Bd2 Bb4 20. Rb1 Bxd2 21.
Nxd2 Rxb1+ 22. Nxb1 Ne7 23. Nc3 Nc6 24. Nb5 Rb8 25. Nd6 Nxd4 26. Nxf7 Rb1# 0-1

[Event "Let's Play Chess!"]
[Site "http://www.queenalice.com/game.php?id=203954"]
[Date "2007.4.29"]
[Round "-"]
[White "kellywatchthestars"]
[Black "ihwitz"]
[Result "1-0"]
[WhiteElo "2047"]
[BlackElo "1515"]

1. e4 e6 2. d4 c6 3. Nf3 d5 4. Nc3 Nf6 5. e5 Nfd7 6. Ng5 Be7 7. Qh5 Bxg5 8. Bxg5
Qb6 9. O-O-O a5 10. Qg4 a4 11. a3 Na6 12. Be3 O-O 13. Bh6 g6 14. Bxf8 Nxf8 15.
h4 c5 16. h5 cxd4 17. hxg6 fxg6 18. Nxa4 Qa5 19. Qxd4 b5 20. Nc5 Nxc5 21. Qxc5
Rb8 22. f4 Nd7 23. Qe7 Nb6 24. Qxh7+ Kf8 25. Qh8+ 1-0

[Event "Let's Play Chess!"]
[Site "http://www.queenalice.com/game.php?id=208814"]
[Date "2007.5.10"]
[Round "-"]
[White "claudiopsi"]
[Black "kellywatchthestars"]
[Result "0-1"]
[WhiteElo "2099"]
[BlackElo "2095"]

1. d4 c6 2. e4 d5 3. Nc3 dxe4 4. Nxe4 Nd7 5. Nf3 Ngf6 6. Ng3 e6 7. Bc4 c5 8. O-O
cxd4 9. Nxd4 Be7 10. Bxe6 fxe6 11. Nxe6 Qb6 12. Nxg7+ Kf7 13. N7f5 Bf8 14. Re1
Nc5 15. c3 Bxf5 16. Nxf5 Rd8 17. Qf3 Nd3 18. Re2 Qc6 19. Qxc6 bxc6 20. Be3 Rd5
21. Nd4 c5 22. Nc6 Bg7 23. Rd1 Rc8 24. c4 Rd7 25. Red2 Rxc6 26. Rxd3 Rxd3 27.
Rxd3 Ng4 28. b3 Re6 29. g3 Nxe3 30. Rxe3 Rxe3 31. fxe3 Ke6 32. Kf2 Ke5 33. Kf3
a5 34. h4 h5 35. g4 hxg4+ 36. Kxg4 Ke4 37. Kg5 Kxe3 38. h5 Kd3 39. h6 Bxh6+ 40.
Kxh6 Kc3 0-1

[Event "Challenge"]
[Site "http://www.queenalice.com/game.php?id=264532"]
[Date "2007.8.31"]
[Round "-"]
[White "HILITO"]
[Black "kellywatchthestars"]
[Result "0-1"]
[WhiteElo "2023"]
[BlackElo "2134"]

1. e4 c6 2. d4 d5 3. e5 Bf5 4. g4 Bg6 5. h4 h5 6. gxh5 Bxh5 7. Nf3 e6 8. Be2 c5
9. c3 Nc6 10. Bg5 Qb6 11. b3 Bxf3 12. Bxf3 cxd4 13. cxd4 Nxd4 14. Be3 Qb4+ 15.
Bd2 Qc5 16. Nc3 Qc7 17. Rc1 Qxe5+ 18. Be3 Nxf3+ 19. Qxf3 Ba3 20. Qf4 Qxf4 21.
Bxf4 Bxc1 22. Bxc1 Rc8 23. Kd2 Nf6 24. f3 Kd7 25. Bb2 Rh6 26. Nb5 a6 27. Nc3
Rch8 28. Rg1 Ne8 29. Na4 Rxh4 30. Bxg7 Rg8 31. Nc5+ Ke7 32. Nxb7 Rxg7 33. Rc1
Rg2+ 34. Ke3 Rxa2 35. f4 Rh3+ 36. Kd4 Rxb3 37. Nc5 Rd2+ 38. Ke5 f6# 0-1

[Event "&&&&"]
[Site "http://www.queenalice.com/game.php?id=264533"]
[Date "2007.8.31"]
[Round "-"]
[White "HILITO"]
[Black "kellywatchthestars"]
[Result "0-1"]
[WhiteElo "2035"]
[BlackElo "2125"]

1. e4 c6 2. d4 d5 3. e5 Bf5 4. g4 Bg6 5. Nc3 e6 6. Bd3 c5 7. Nf3 Nc6 8. Bb5 a6
9. Bxc6+ bxc6 10. Be3 Rb8 11. b3 cxd4 12. Nxd4 Qc7 13. f4 c5 14. Nde2 d4 15. f5
exf5 16. gxf5 Bxf5 17. O-O Qd7 18. Bf4 Rd8 19. Na4 Be7 20. Ng3 Bh3 21. Re1 Qc6
22. Qe2 h5 23. Qe4 Qe6 24. Qf3 Qg6 25. Kh1 Bd7 26. Ne4 Bc6 27. Re2 f5 28. exf6
Nxf6 29. Naxc5 O-O 30. Rg1 Qf7 31. Be5 Rd5 32. Bxf6 Rxc5 33. Rxg7+ Qxg7 34. Rg2
Rxf6 0-1

[Event "Challenge"]
[Site "http://www.queenalice.com/game.php?id=268884"]
[Date "2007.9.9"]
[Round "-"]
[White "luizpessoa"]
[Black "kellywatchthestars"]
[Result "0-1"]
[WhiteElo "1593"]
[BlackElo "2123"]

1. e4 d6 2. h3 c5 3. Nf3 Nc6 4. Bb5 Bd7 5. d3 e6 6. Nc3 Nf6 7. Bg5 Be7 8. a3 a6
9. Bxc6 Bxc6 10. e5 dxe5 11. Qe2 Qc7 12. O-O-O Bd6 13. Ne4 Nxe4 14. dxe4 f6 15.
Bd2 Rd8 16. Bc3 b5 17. g4 b4 18. axb4 cxb4 19. Be1 Bb5 20. Qd2 Be7 21. Qe3 Rc8
22. Qb3 Qc6 23. Bxb4 Bxb4 24. Kb1 O-O 25. Qxb4 Qxc2+ 26. Ka1 Rc4 27. Qe1 Ra4#
0-1

[Event "Challenge"]
[Site "http://www.queenalice.com/game.php?id=268885"]
[Date "2007.9.9"]
[Round "-"]
[White "kellywatchthestars"]
[Black "luizpessoa"]
[Result "1-0"]
[WhiteElo "2108"]
[BlackElo "1600"]

1. d4 d5 2. Nf3 Nc6 3. c4 dxc4 4. Nc3 Bg4 5. d5 Nb8 6. e4 a6 7. Bxc4 Nf6 8. e5
b5 9. exf6 bxc4 10. Qd4 Bxf3 11. fxg7 Bxg7 12. Qxg7 Rf8 13. Bh6 Nd7 14. gxf3 Nf6
15. Qxf8+ Kd7 16. Qxd8+ Rxd8 17. O-O-O Kc8 18. Rhe1 Ng8 19. Bg5 f6 20. Bf4 Kb7
21. Re4 Kb6 22. Rxc4 Rd7 23. Rg1 f5 24. Rxg8 c6 25. dxc6 1-0

[Event "Challenge"]
[Site "http://www.queenalice.com/game.php?id=268974"]
[Date "2007.9.9"]
[Round "-"]
[White "lesangesleader"]
[Black "kellywatchthestars"]
[Result "0-1"]
[WhiteElo "1730"]
[BlackElo "2124"]

1. Nf3 Nf6 2. d4 d5 3. c4 c6 4. cxd5 cxd5 5. Nc3 Nc6 6. a3 g6 7. h3 Bg7 8. Bf4
Ne4 9. e3 Nxc3 10. bxc3 O-O 11. c4 Bf5 12. cxd5 Qxd5 13. Be2 Rac8 14. O-O Rfd8
15. Nd2 Bc2 16. Qc1 Na5 17. Qb2 e5 18. Bh2 exd4 19. Bf3 dxe3 20. Qxg7+ Kxg7 21.
Bxd5 exd2 22. Bf3 Nb3 23. Ra2 d1=Q 24. Bxd1 Rxd1 25. Rxd1 Bxd1 0-1